Orientaciones en el derecho comercial ; El régimen penal en el derecho comercial (Registro nro. 3416)

Detalles MARC
000 -LEADER
fixed length control field 01474 a2200265 4500
001 - CONTROL NUMBER
control field 41197
005 - DATE AND TIME OF LATEST TRANSACTION
control field 20260407155706.0
008 - FIXED-LENGTH DATA ELEMENTS--GENERAL INFORMATION
fixed length control field 260407a2001 arg spa d
003 - CONTROL NUMBER IDENTIFIER
control field AR-UNSa-BCEJYS
040 ## - CATALOGING SOURCE
Original cataloging agency AR-UNSa-BCEJYS
Language of cataloging spa
Transcribing agency AR-UNSa-BCEJYS
080 ## - UNIVERSAL DECIMAL CLASSIFICATION NUMBER
Universal Decimal Classification number 347.7
Common auxiliary subdivision Derecho Mercantil. Derecho Comercial
020 ## - INTERNATIONAL STANDARD BOOK NUMBER
International Standard Book Number 950-894-300-9
041 ## - LANGUAGE CODE
Language code of text/sound track or separate title spa
100 1# - MAIN ENTRY--PERSONAL NAME
Personal name Galgano, Francesco
245 10 - TITLE STATEMENT
Title Orientaciones en el derecho comercial ; El régimen penal en el derecho comercial
264 #1 - PRODUCTION, PUBLICATION, DISTRIBUTION, MANUFACTURE, AND COPYRIGHT NOTICE
Place of production, publication, distribution, manufacture Buenos Aires :
Name of producer, publisher, distributor, manufacturer AD-HOC
Date of production, publication, distribution, manufacture, or copyright notice 2001
300 ## - PHYSICAL DESCRIPTION
Extent 143 p.
Dimensions 23 cm.
505 ## - FORMATTED CONTENTS NOTE
Formatted contents note Libro Orientaciones en el derecho comercial: 1. Régimen societario argentino. Peculiaridades. Regímenes especiales - 2. La evolución del derecho en el espacio y el tiempo - 3. El concepto de sociedad en el derecho argentino - 4. Los procedimientos concursales en Italia en el umbral del 2000 -- Libro El régimen penal en el derecho comercial: 1. Responsabilidad penal de las personas jurñidicas - 2. Derecho comercial, derecho comunitario y derecho penal - 3. El derecho penal societario - 4. Los aspectos represivos en el derecho de la insolvencia - 5. Los delitos informáticos y su impacto en el nuevo derecho comercial
590 ## - LOCAL NOTE (RLIN)
Local note niveau_biblio:m niveau_hierar:0
700 1# - ADDED ENTRY--PERSONAL NAME
Personal name Bonsignori, Angelo
700 1# - ADDED ENTRY--PERSONAL NAME
Personal name Fargosi, Horacio P.
700 1# - ADDED ENTRY--PERSONAL NAME
Personal name Otaegui, Julio C.
856 41 - ELECTRONIC LOCATION AND ACCESS
Uniform Resource Identifier <a href="https://biblioeco.unsa.edu.ar/pmb/images/libros/L126431.jpg">https://biblioeco.unsa.edu.ar/pmb/images/libros/L126431.jpg</a>
Link text Imagen de portada
Electronic format type image/jpeg
942 ## - ADDED ENTRY ELEMENTS (KOHA)
Koha item type
Existencias
Withdrawn status Lost status Damaged status Not for loan Home library Current library Shelving location Date acquired Total checkouts Full call number Barcode Date last seen Price effective from Koha item type
        Biblioteca Prof. Eusebio Cleto del Rey Biblioteca Prof. Eusebio Cleto del Rey   07/04/2026   347.7 O69 L126431 07/04/2026 07/04/2026 Libro